nombres importants_harry potter - Statistiques

Statistiques générales
  • Ce quiz a été pris 800 fois
  • Le résultat moyen est 11 sur 15
Statistiques - réponses
description réponse % Correct
années à poudlard 7
100%
reliques de la mort 3
98%
nombre de balles au quidditch 3
98%
nombre de films 8
96%
niveau du département des mystères 9
93%
quai de gare du poudlard express 9 3/4
92%
maison des Black 12
87%
bataille de Poudlard (année) 1998
81%
date de naissance d' harry potter (JJ/MM/AAAA) 31/07/1980
79%
B.U.S.E optenues par hermione 10
77%
numéro de chambre occupé par Harry au Chaudron baveur 11
58%
membres de l'armée de dumbledore 14
53%
coffre fort d'harry potter 713
31%
code cabine téléphonique ministère de la magie (N-N-N-N-N) 6-2-4-4-2
18%
nombre de décrets créés par ombrage 136
8%
Aucun quiz correspondant
Distribution des résultats
% des personnes avec chaque résultat
Percentile par nombre de réponses
Votre historique - résultats
Vous n’avez pas pris ce quiz